000 00603nam a2200205 a 4500
001 15808
003 CO-ViMGA
008 141112s2004 ck r 000 u spa d
040 _aCO-ViMGA
_bspa
_cCO-ViMGA
082 0 4 _a323.4 P161d
100 1 _aColombia : Ministerio de Justicia y del Derecho,
110 _aPapachini, Ángelo
_922743
245 1 0 _aLos derechos humanos y la Paz
260 _aBogotá,
_cImprenta Nacional,
_c1997
300 _a75.p.
590 _aForma de adquisición : donación - - Precio :
_15.000
650 1 4 _aDERECHOS HUMANOS
_955
650 1 4 _aPAZ
_952880
942 _2ddc
_cBK
999 _c25880
_d25880